000 01048cam a2200337 a 4500
001 1076354
005 20150828122954.0
008 920414s1992 nyua b 001 0 eng
010 _a 91036812
020 _a0897892488 (alk. paper)
020 _a0897892496 (pbk.)
035 _a(OCoLC)24546297
035 _a(OCoLC)ocm24546297
035 _a(CStRLIN)NYCG92-B25802
035 _a(NNC)1076354
040 _aDLC
_cDLC
_dNNC
050 0 0 _aP40
_b.G45 1992
082 0 0 _a306.4/4
_220
090 _aP40
_b.G45 1992
100 1 _aGee, James Paul.
_919227
245 1 4 _aThe social mind :
_blanguage, ideology, and social practice /
_cJames Paul Gee.
260 _aNew York :
_bBergin & Garvey,
_c1992.
300 _axxi, 175 p. :
_bill. ;
_c24 cm.
490 1 _aLanguage and ideology series
504 _aIncludes bibliographical references and index.
650 0 _aSociolinguistics.
_91467
650 0 _aSocial psychology.
_916638
830 0 _aSeries in language and ideology.
_919228
942 _2lcc
_cMONOGRAPH
999 _c123207
_d123207